| 000 | 01093nam a2200277 a 4500 | ||
|---|---|---|---|
| 001 | BRCA_5301 | ||
| 005 | 20190320205025.0 | ||
| 008 | 021210s1962----enkaf#####---#000-0#eng-# | ||
| 041 | _aeng | ||
| 044 | _aenk | ||
| 050 | 4 |
_aK7903.U5 _b.B76 1962 |
|
| 245 | 1 | 0 |
_aBronzes _bother Metalwork and Sculpture in the Irwin Untermyer collection _cintroduction by Yvonne Hackenbroch ; photography by Anna Wachsmann. |
| 260 |
_aLondres _bThames and Hudson _c1962 |
||
| 300 |
_alxv, 64 p. _bil., 201 láminas _c31 cm. |
||
| 500 | _aIncluye abreviaturas, notas y comentarios de ilustraciones, notas biográficas e índice de nombres | ||
| 500 | _aDonación Dr. Héctor Rivero Borrell Vázquez | ||
| 504 | _aBibliografía: 55-61 | ||
| 600 | 1 | 4 |
_aUntermyer, Irwin _xColecciones de arte _913595 |
| 650 | 1 | 4 |
_aBronces _vColecciones privadas _xHistoria _913596 |
| 650 | 1 | 4 |
_aEsculturas metalicas _vColecciones privadas _xHistoria _913597 |
| 650 | 1 | 4 |
_aArte en metal _xColecciones privadas _913598 |
| 700 | 1 |
_aHackenbroch, Yvonne _913599 |
|
| 700 | 1 |
_aWachsmann, Anna _913600 |
|
| 902 | _aDHR | ||
| 942 |
_2lcc _cB |
||
| 999 |
_c4995 _d4995 |
||